Villes du Morbihan en images - Statistiques

Statistiques générales
  • Ce quiz a été pris 183 fois
  • Le résultat moyen est 10 sur 18
Statistiques - réponses
Par images Hint Réponse % Correct
V Vannes
97%
L Lorient
96%
C Carnac
92%
Q Quiberon
79%
P Pontivy
73%
A Auray
72%
G Groix
63%
H Hennebont
49%
S Sarzeau
47%
(L) R La Roche Bernard
45%
L Lanester
44%
(L) T La Trinité sur Mer
44%
(L) P Le Palais
39%
Q Questembert
38%
R Rochefort en Terre
38%
P Ploërmel
37%
S Sainte Anne d'Auray
35%
(L) G La Gacilly
33%
Aucun quiz correspondant
Distribution des résultats
% des personnes avec chaque résultat
Percentile par nombre de réponses
Votre historique - résultats
Vous n’avez pas pris ce quiz